| 000 | 00899nam a2200277Ia 4500 | ||
|---|---|---|---|
| 001 | Z_1384 | ||
| 003 | CHAP | ||
| 008 | 220113s1982 xx 000 0 und d | ||
| 010 | _a164473 | ||
| 040 | _cCHAP | ||
| 090 | _aTesis D 200 | ||
| 100 |
_aDiamond Lluhi, Carmen B _932413 |
||
| 245 |
_aAnálisis evaluatorio del plan de estudios de la especialidad de zootecnia de la Universidad Autónoma Chapingo / _cpor Carmen B. Diamond Lluhi |
||
| 260 |
_aMéxico, D.F. : _bEl autor, _c1982 |
||
| 300 | _a137 h | ||
| 502 | _aTesis (Lic. en Pedagogía) -- UNAM. Esc. Nacional de Estudios Profesionales Aragón. Fac. de Filosofía y Letras | ||
| 650 |
_aGanadería _xPlanes de estudio _944836 |
||
| 650 |
_aRendimiento escolar _995908 |
||
| 650 |
_aVeterinaria _xPlanes de estudio _9119008 |
||
| 901 | _aTESIS D 200 | ||
| 902 | _aM | ||
| 910 | _a1982 | ||
| 942 | _c2 | ||
| 942 | _c2 | ||
| 999 |
_c164473 _d164473 |
||